| 000 | 00702nam a2200169 a 4500 | ||
|---|---|---|---|
| 008 | 120301s2011 ||||||||||||||||| || u | ||
| 050 | _aUNESCO(05) | ||
| 110 | _aUnited Nations Educational, Scientific and Cultural Organization (UNESCO) | ||
| 245 | 1 | 2 | _aA World of Science |
| 260 |
_aParis _bUnited Nations Educational, Scientific and Cultural Organization _c2011 |
||
| 300 | _a23p. ;ill. | ||
| 350 | _a0.00 | ||
| 500 | _aVol. 9. No.1. | ||
| 650 | _aSCIENCE--PERIODICALS | ||
| 650 | _aUNESCO--NATURAL SCIENCES SECTOR--PERIODICALS | ||
| 995 |
_D0.00 _FCBU-MAIN LIBRARY (Kitwe) _H1 _I0.00 _M1 _UAVAILABLE _WMar 1, 2012 _ZInternational Publications |
||
| 999 |
_c62144 _d62144 |
||